| 000 | 00902nac a22002291u 4500 | ||
|---|---|---|---|
| 008 | 100906t xxu||||| |||| 00| 0 eng d | ||
| 010 | _a2002102637 | ||
| 020 | _a0735711836 | ||
| 020 | _a0735711836 | ||
| 082 | 0 | 0 |
_a005.133 _bH1741 |
| 100 |
_aHall, Branden. _918087 |
||
| 245 | 1 | 0 |
_aObject-oriented programming with ActionScript / _cBranden Hall and Samuel Wan. |
| 250 | _a1st ed. | ||
| 260 |
_aIndianapolis, Ind. : _bNew Riders, _cc2003. |
||
| 300 |
_axxii, 425 p. : _bill. ; _c23 cm. |
||
| 500 | _aIncludes index. | ||
| 650 | 0 |
_aObject-oriented programming (Computer science) _918088 |
|
| 650 | 0 |
_aActionScript (Computer program language) _918089 |
|
| 700 | 1 |
_aWan, Samuel. _918090 |
|
| 942 |
_cBB _k005.133H1741 _2ddc |
||
| 999 |
_c741 _d741 |
||